|
|
|
|
| LEADER |
01636cas a2200241 a 4500 |
| 001 |
AALejournalIMF001721 |
| 008 |
230101c9999 xx r poo 0 0eng d |
| 020 |
|
|
|c 5.00 USD
|
| 020 |
|
|
|z 9781451829945
|
| 022 |
|
|
|a 1934-7685
|
| 040 |
|
|
|a BD-DhAAL
|c BD-DhAAL
|
| 110 |
2 |
|
|a International Monetary Fund.
|
| 245 |
1 |
0 |
|a Nepal :
|b Recent Economic Developments.
|
| 264 |
|
1 |
|a Washington, D.C. :
|b International Monetary Fund,
|c 2001.
|
| 300 |
|
|
|a 1 online resource (76 pages)
|
| 490 |
1 |
|
|a IMF Staff Country Reports
|
| 500 |
|
|
|a <strong>Off-Campus Access:</strong> No User ID or Password Required
|
| 500 |
|
|
|a <strong>On-Campus Access:</strong> No User ID or Password Required
|
| 506 |
|
|
|a Electronic access restricted to authorized BRAC University faculty, staff and students
|
| 520 |
3 |
|
|a Nepal has grappled with formidable economic and social challenges. Although the Nepalese economy performed well, growth has been hampered by weak infrastructure, low saving and investment rates, fiscal constraints, and a lack of absorptive capacity for boosting the needed public investment. Fiscal performance has been favorable, but progress in the area of structural reform was less encouraging. The report analyzes the recent macroeconomic developments, poverty, and environmental issues. The study also reviews the country's external and monetary developments, the fiscal situation, and structural issues.
|
| 538 |
|
|
|a Mode of access: Internet
|
| 830 |
|
0 |
|a IMF Staff Country Reports; Country Report ;
|v No. 2001/173
|
| 856 |
4 |
0 |
|z Full text available on IMF
|u http://elibrary.imf.org/view/journals/002/2001/173/002.2001.issue-173-en.xml
|z IMF e-Library
|